College Football Matchups: Oregon State - Statistics

General Stats
  • This quiz has been taken 53 times
    9 since last reset
  • The average score is 14 of 16
Answer Stats
Games Opponent Subdivision % Correct
42 Arizona Power 4
100%
47 Arizona State Power 4
100%
78 California Power 4
100%
129 Oregon Power 4
100%
90 Stanford Power 4
100%
65 UCLA Power 4
100%
80 USC Power 4
100%
26 Utah Power 4
100%
108 Washington Power 4
100%
111 Washington State Group of 5
100%
44 Idaho FCS
89%
16 Montana FCS
89%
14 Colorado Power 4
78%
15 Fresno State Group of 5
78%
12 Hawaii Group of 5
67%
12 Iowa Power 4
44%
No matching quizzes found
Score Distribution
Percent of People with Each Score
Percentile by Number Answered
Your Score History
You have not taken this quiz since the last reset